Easy Quiz #3 - Statistics

General Stats
  • This quiz has been taken 24 times
  • The average score is 14 of 14
Answer Stats
Hint Answer % Correct
What integer is between 9 and 11? 10
100%
What is 3 - 1? 2
100%
What is 3 times 1? 3
100%
What is 3 + 1? 4
100%
What is the capital of the U.K.? London
100%
Name a planet in our solar system Mercury/Venus/Earth/Mars/Jupiter/Saturn/Uranus/Neptune
100%
Name a continent on Earth. North America/ South America/ Europe/ Australia/ Oceania/ America/ Asia/ Africa/Antarctica
100%
What is the first letter in this sentence? W
100%
Who was the first U.S. President? George Washington
95%
Is New York a country? No
95%
What year will it be next year? 2024
91%
What is the largest city in America? New York City
91%
Is Japan a country? Yes
91%
Who wrote Harry Potter? J. K. Rowling
86%
No matching quizzes found
Score Distribution
Percent of People with Each Score
Percentile by Number Answered
Your Score History
You have not taken this quiz